| 000 | 00385cam a22001097a 4500 | ||
|---|---|---|---|
| 008 | 180718b1973 xxu||||| |||| 00| 0 eng d | ||
| 082 | _aQ000x4 Un3ap | ||
| 245 |
_aApproaches and methods used in long-term soical planning and policy-making _cby Economic Commission, Europe |
||
| 260 |
_aGeneva _bUnited Nations Publications _c1973 |
||
| 300 | _a274p. | ||
| 700 | _aEurope, Economic Commission | ||
| 999 |
_c495073 _d495073 |
||